000 00886nab a2200265 u 4500
001 08576
003 HDC
007 cr bn ---aaaaa
008 210131c20141007my dr|nes 0 a eng d
040 _aHDC
100 _aRupa Damodaran,
_eauthor
_98073
245 0 _a5.7pc GDP uptick for Malaysia /
_cby Rupa Damodaran
260 _aKuala Lumpur :
_bNew Straits Times Press (M) Bhd.,
_c2014
336 _atext
_2rdacontent
337 _acomputer
_2rdamedia
338 _aonline resource
_2rdacarrier
650 _aEconomic development
_zMalaysia
_99038
650 _aEconomy
_91877
650 _aHalal industry
_9144
710 _aNew Straits Times
856 _zRequest full-text at [email protected]
942 _2lcc
942 _cNEWS
942 _kNWSC 000753
999 _c5899
_d5899